banner-ar

التطورات النفطية الاقتصادية بعد عام 1973 / (Record no. 30932)

MARC details
000 -الفاتح
حقل البيانات ثابتة الطول 00675nam a2200193Ia 4500
008 - عناصر البيانات ثابتة الطول - معلومات عامة
حقل البيانات ثابتة الطول 140319s9999 xx 000 0 ara d
040 ## - مصدر الفهرسة
وكالة الفهرسة الأصلية GCL /
وكالة النسخ GCL
082 04 - رقم تصنيف ديوى العشرى
رقم التصنيف 338.27
رقم المادة ك ت
100 1# - المدخل الرئيسى - إسم شخصى
الإسم الشخصى كمال حمدان
245 10 - بيان العنوان
العنوان التطورات النفطية الاقتصادية بعد عام 1973 /
بيان المسئوليه,etc كمال حمدان
260 ## - PUBLICATION, DISTRIBUTION, ETC. (IMPRINT)
تاريخ النشر أو التوزيع 1976
300 ## - الوصف المادى
التعداد 79 ص
490 ## - بيان السلسلة
عنوان السلسلة التقارير الاقتصادية - النفط العربى
رقم المجلد/ التعيين التسلسلي 0
650 04 - المدخل الاضافى بالموضوع-مصطلح موضوعى
مصطلح موضوعي البترول
650 04 - المدخل الاضافى بالموضوع-مصطلح موضوعى
مصطلح موضوعي الجيولوجيا الاقتصادية
650 04 - المدخل الاضافى بالموضوع-مصطلح موضوعى
مصطلح موضوعي البترول - اقتصاديات
942 ## - عناصر المدخل الإضافي( كوها)
مصدر التصنيف او مخطط الترفيف Dewey Decimal Classification
Koha [default] item type كتاب
260 ## - PUBLICATION, DISTRIBUTION, ETC. (IMPRINT)
-- [S.N] :
-- معهد الانتماء العربى ،
Holdings
حالة التراجع حالة الفقد حالة تلف ليس للاعارة المكان المؤقت الموقع الحالى تاريخ الاكتساب اجمالي اﻻعارات رقم الطلب الباركود تاريخ اخر مشاهدة تاريخ تفعيل السعر نوع وعاء كوها
        مكتبة القاهرة الكبرى مكتبة القاهرة الكبرى 03/26/2014   338.27\ك ت 72060 03/26/2014 03/26/2014 كتاب

Powered By

EGPV